01360nam a2200337Ia 4500001001200000003000800012006001900020007001500039008004100054010001700095020002500112020002200137040002100159035002100180050002500201082001800226100001900244245010100263260004900364300002500413490004900438504005100487533015200538650004400690650003900734650006000773655002900833710001700862856012600879999001701005ebr10726603CaPaEBRm o u cr cn|||||||||110609s2012 nyuab sb 001 0 eng d z 2011017306 z9781613248379 (pbk.) z1613248377 (pbk.) aCaPaEBRcCaPaEBR a(OCoLC)85092924914aTD195.M5bB56 2012eb04a622.028/62231 aBini, Claudio.10aEnvironmental impact of abandoned mine wasteh[electronic resource] :ba review /cClaudio Bini. aNew York :bNova Science Publishers,cc2012. a92 p. :bill., maps.0 aMining engineering-- research and technology aIncludes bibliographical references and index. aElectronic reproduction.bPalo Alto, Calif. :cebrary,d2013.nAvailable via World Wide Web.nAccess may be limited to ebrary affiliated libraries. 0aAbandoned minesxEnvironmental aspects. 0aMine soilsxEnvironmental aspects. 0aAbandoned mined lands reclamationzItalyvCase studies. 7aElectronic books.2local2 aebrary, Inc.40uhttp://site.ebrary.com/lib/rucke/Doc?id=10726603zAn electronic book accessible through the World Wide Web; click to view c38923d38923